| 000 | 00702nam a2200181 4500 | ||
|---|---|---|---|
| 999 |
_c19339 _d19339 |
||
| 008 | 240223b ||||| |||| 00| 0 eng d | ||
| 082 |
_aDC 491.783421 _bK162 2022 |
||
| 100 |
_aKaufman, Andrew D. _953254 |
||
| 245 |
_aRussian for dummies / _cAndrew Kaufman and Serafima Gettys. |
||
| 250 | _a3rd edition. | ||
| 260 |
_aHoboken, NJ : _bJohn Wiley & Sons, Inc., _c©2022. |
||
| 300 |
_axv, 376 pages : _billustrations ; _c23 cm. |
||
| 500 | _aIncludes appendices and index. | ||
| 650 |
_aRussian language _xTextbooks for foreign speakers _xEnglish. _953255 |
||
| 650 |
_aRussian language _xSound recordings for English speakers. _953256 |
||
| 700 |
_aGettys, Serafima _eauthor. _953257 |
||
| 942 |
_2ddc _cDC |
||